LEADER 01231nam a2200217 i 4500 001 000000171966 003 CaOOAMICUS 005 20080520000000.0 008 080520s1571 it u000 u lat u 013 $a149401 040 $aSeMil$bita 245 10$aSumma Sacrae Theologiae, Juris pontificii et caesarei :$bpars. I-IV ; [segue :] Varii indices quam emendatissimi. 260 $aVenezia :$bapud Bernardum Juntam et socios,$c1571. 300 $a15,5 x 21 ;$cvol. 4 con 5 tomi ;$ccc. I, 308 ;$cII, 388 ;$cIII, 546 ;$cIV, 404 ;$cV, 158 ;$crom. 500 $aDescrizione da : Incunaboli e Cinquecentine della Biblioteca del Seminario di Milano / catalogo a cura di Ubaldo Valentini, Milano 1981. - Numero di catalogo : 58. 650 4$aCinquecentine.$0(OLS)http://semarc/subject/1297 700 0 $aAntonino,$c.$0(OLS)http://semarc/name/12496 850 $aSeMil 852 $aSeMil$W1$xVenegono$y1$mFV.F III 94-97$j122829$B122829$CSeMilBibl$Z2$F134155 $86 996 $6245$aSumma Sacrae Theologiae, Juris pontificii et caesarei :$bpars. I-IV ; [segue :] Varii indices quam emendatissimi$9(OLS)http://semarc/title/246149 996 $6260$aVenezia :$bapud Bernardum Juntam et socios$9(OLS)http://semarc/publisher/49074 LEADER 01275nam a2200277 4500 001 000000352978 003 CaOOAMICUS 005 20230309101103.0 008 230222s2018 gw a 000 u ger r 020 $a978-3-429-05310-9 040 $aSeMil$bita 245 00$aGlauben verbindet -1000 Jahre Martyrium des hl. Aquilin /$cherausgegeben von Jürgen Vorndran und Wolfgang Weiß ; in Zusammenarbeit mit Daniel Greb. 264 1$aWürzburg :$bEchter,$c2018. 300 $a317 p. :$bill. ;$c25 cm 541 0 $aOmaggio mons. Mario Delpini (3H V 436) 600 04$aAquilino : di Milano .$0(OLS)http://semarc/subject/28246 700 1 $aGreb, Daniel.$0(OLS)http://semarc/name/117173 700 1 $aVorndran, Jürgen.$0(OLS)http://semarc/name/117172 700 1 $aWeiß, Wolfgang.$0(OLS)http://semarc/name/98866 850 $aSeMil 852 $aSeMil$W1$xVenegono$y1$m3H V 436$j238300$B244210$CSeMilBibl$Z2$F244210 $81 961 $aOmaggio mons. Mario Delpini 996 $6020$a978-3-429-05310-9$9(OLS)http://semarc/number/297684 996 $6245$aGlauben verbindet -1000 Jahre Martyrium des hl. Aquilin$9(OLS)http://semarc/title/442949 996 $6264$aWürzburg :$bEchter$9(OLS)http://semarc/publisher/29704